LEADER 00979nam a2200241 4500 001 000000355790 003 CaOOAMICUS 005 20231018100653.0 008 231018s2018 it 000 u ita r 040 $aSeMil$bita 100 1 $aHoward, Elizabeth Jane,$d<1923-2014>.$0(OLS)http://semarc/name/118499 240 14$aThe long view.$0(OLS)http://semarc/title/446013 245 13$aIl lungo sguardo /$cElizabeth Jane Howard. 264 1$a[Roma] :$bLa biblioteca di repubblica-L'espresso,$c2018. 300 $a412 p. ; $c21 cm 490 1 $aNovecento duemila ;$v3 830 0$aNovecento duemila ;$v3.$0(OLS)http://semarc/title/446016 850 $aSeMil 852 $aSeMil$W1$xVenegono$y1$m1T IV 47$j244255$B247012$CSeMilBibl$Z2$F247012 $81 961 $aComo don Giuseppe - Omaggio 996 $6245$aIl lungo sguardo$9(OLS)http://semarc/title/446014 996 $6264$a[Roma] :$bLa biblioteca di repubblica-L'espresso$9(OLS)http://semarc/publisher/61326 LEADER 00965nam a2200229 i 4500 001 000000187119 003 CaOOAMICUS 005 20100311000000.0 008 100311s1955 it u000 u ita u 013 $a165180 040 $aSeMil$bita 100 1 $aAmatucci, Aurelio Giuseppe <1867-1960>.$0(OLS)http://semarc/name/9293 245 10$aStoria della letteratura latina cristiana /$cA. G. Amatucci. 250 $a2. Ed. interamente riveduta. 260 $aTorino :$bSocietà Editrice Internazionale,$c1955. 300 $aVII, 366 p. ;$c22 cm. 500 $aContiene : Errata corrige. 650 4$aLetteratura latina cristiana - Storia.$0(OLS)http://semarc/subject/5076 850 $aSeMil 852 $aSeMil$W1$xVenegono$y1$m2T II 102$j137806$B137806$CSeMilBibl$Z2$F149285 $81 996 $6245$aStoria della letteratura latina cristiana$9(OLS)http://semarc/title/12111 996 $6260$aTorino :$bSocietà Editrice Internazionale$9(OLS)http://semarc/publisher/29847